000 00335nam a2200157Ia 4500
001 32157
003 IN-NITTTR
005 20251114233428.0
008 251113s9999||||xx |||||||||||||| ||eng||
040 _beng
040 _cIN-NITTTR
041 _aeng
082 _a300.72 P194R
245 0 _aResearch Methodology /
942 _2ddc
_cBK
999 _c34787
_d34787